[Event "Serpiano op"]
[Site "Serpiano"]
[Date "2024.04.05"]
[Round "1"]
[White "Brovelli, Claudio"]
[Black "Pellegrini, Noah"]
[Result "1/2-1/2"]
[WhiteElo "2127"]
[BlackElo "1840"]
[PlyCount "56"]
[EventDate "2024.04.05"]
[EventType "swiss"]
[EventRounds "5"]
[EventCountry "SUI"]
[SourceTitle "CB16_2024"]
[SourceDate "2024.04.17"]
[SourceVersion "1"]
[SourceVersionDate "2024.04.17"]
[SourceQuality "1"]

1. d4 e6 2. Nc3 d5 3. Bf4 Bd6 4. Bg3 Nf6 5. e3 a6 6. Nf3 c5 7. Ne5 Nc6 8. Be2 cxd4 9. exd4 Qc7 10. Nxc6 Qxc6 11. a3 Bd7 12. Qd2 h6 13. Be5 Bxe5 14. dxe5 Ng8 15. 0-0 Ne7 16. Bd3 Qc5 17. Qf4 0-0 18. Rae1 f5 19. h4 Be8 20. Ne2 Bh5 21. Nd4 Ng6 22. Qe3 f4 23. Nb3 Qe7 24. Qh3 Nxh4 25. Nd4 Rae8 26. Nxe6 Qxe6 27. Qxh4 Qg4 28. Qxg4 Bxg4 1/2-1/2